Basic physical pharmacy / (Record no. 278744)
[ view plain ]
| 000 -LEADER | |
|---|---|
| fixed length control field | 01878cam a22003738a 4500 |
| 001 - CONTROL NUMBER | |
| control field | 17210927 |
| 005 - DATE AND TIME OF LATEST TRANSACTION | |
| control field | 20150127134111.0 |
| 008 - FIXED-LENGTH DATA ELEMENTS--GENERAL INFORMATION | |
| fixed length control field | 120314s2013 mau b 001 0 eng |
| 010 ## - LIBRARY OF CONGRESS CONTROL NUMBER | |
| LC control number | 2012010775 |
| 020 ## - INTERNATIONAL STANDARD BOOK NUMBER | |
| International Standard Book Number | 9780763757342 |
| 020 ## - INTERNATIONAL STANDARD BOOK NUMBER | |
| International Standard Book Number | 9781449653347 |
| 020 ## - INTERNATIONAL STANDARD BOOK NUMBER | |
| International Standard Book Number | 0763757349 |
| 035 ## - SYSTEM CONTROL NUMBER | |
| System control number | (DNLM)101580320 |
| 040 ## - CATALOGING SOURCE | |
| Original cataloging agency | DNLM/DLC |
| Transcribing agency | DLC |
| Modifying agency | DLC |
| 042 ## - AUTHENTICATION CODE | |
| Authentication code | pcc |
| 050 ## - LIBRARY OF CONGRESS CALL NUMBER | |
| Classification number | RS 403 |
| Item number | .M11 2013 |
| 060 10 - NATIONAL LIBRARY OF MEDICINE CALL NUMBER | |
| Classification number | QV 744 |
| 082 00 - DEWEY DECIMAL CLASSIFICATION NUMBER | |
| Classification number | 615.1/9 |
| 100 1# - MAIN ENTRY--PERSONAL NAME | |
| Personal name | Ma, Joseph K. H. |
| 245 10 - TITLE STATEMENT | |
| Title | Basic physical pharmacy / |
| Statement of responsibility, etc | Joseph K.H. Ma and Boka Hadzija. |
| 260 ## - PUBLICATION, DISTRIBUTION, ETC. (IMPRINT) | |
| Place of publication, distribution, etc | Burlington, MA : |
| Name of publisher, distributor, etc | Jones & Bartlett Learning, |
| Date of publication, distribution, etc | c2013. |
| 263 ## - PROJECTED PUBLICATION DATE | |
| Projected publication date | 1206 |
| 300 ## - PHYSICAL DESCRIPTION | |
| Extent | 596 pages : |
| Dimensions | 28 cm. |
| Other physical details | illustrations ; |
| 504 ## - BIBLIOGRAPHY, ETC. NOTE | |
| Bibliography, etc | Includes bibliographical references and index. |
| 505 0# - FORMATTED CONTENTS NOTE | |
| Formatted contents note | Molecular expressions and electrolyte properties of drug molecules -- Colligative properties and isotonic solutions -- Acid-base equilibrium and buffer solutions -- Drug solubility and distribution in immiscible systems -- Molecular interactions of drug in pharmaceutical and biological systems -- Chemical kinetics : principles and application -- Drug absorption, bioavailability, and dosage forms : a regulatory perspective -- Diffusion, dissolution, and permeability -- Micrometrics and pharmaceutical powders -- Tablets and capsules -- Interfacial phenomena -- Rheology in pharmacy -- Suspensions, emulsion, and colloids -- Transdermal drug delivery -- Drug delivery and targeting -- Parenteral drug delivery systems -- Delivery of biotechnology drugs -- Application of nanoscience in pharmaceutics. |
| 521 ## - TARGET AUDIENCE NOTE | |
| Target audience note | Pharmacy |
| 650 12 - SUBJECT ADDED ENTRY--TOPICAL TERM | |
| Topical term or geographic name as entry element | Chemistry, Pharmaceutical. |
| 650 22 - SUBJECT ADDED ENTRY--TOPICAL TERM | |
| Topical term or geographic name as entry element | Physicochemical Phenomena. |
| 650 22 - SUBJECT ADDED ENTRY--TOPICAL TERM | |
| Topical term or geographic name as entry element | Technology, Pharmaceutical. |
| 700 1# - ADDED ENTRY--PERSONAL NAME | |
| Personal name | Hadzija, Boka. |
| 906 ## - LOCAL DATA ELEMENT F, LDF (RLIN) | |
| a | 7 |
| b | rip |
| c | orignew |
| d | 1 |
| e | ecip |
| f | 20 |
| g | y-gencatlg |
| 942 ## - ADDED ENTRY ELEMENTS (KOHA) | |
| Source of classification or shelving scheme | Library of Congress Classification |
| Koha item type | Books |
| Withdrawn status | Lost status | Source of classification or shelving scheme | Damaged status | Home library | Current library | Shelving location | Date acquired | Source of acquisition | Sub Shelving location | Total Checkouts | Total Renewals | Full call number | Barcode | Date last seen | Date checked out | Price effective from | Koha item type |
|---|---|---|---|---|---|---|---|---|---|---|---|---|---|---|---|---|---|
| Library of Congress Classification | South SEED-LPDH College Library | South SEED-LPDH College Library | South SEED-LPDH College Section | 01/27/2015 | Library Fund | 1 | 3 | RS 403 .M11 2013 | SSLC1382 | 11/07/2018 | 10/24/2018 | 01/27/2015 | Books |